| 000 | 00782nam a2200217Ia 4500 | ||
|---|---|---|---|
| 003 | GCL | ||
| 005 | 20240530104400.0 | ||
| 008 | 140319s1961 ua g 000 0 ara d | ||
| 040 |
_aGCL / _cGCL |
||
| 082 | 0 | 4 |
_a362.0425/ _bع ع |
| 100 | 0 | _aعبدالرحمن نصير | |
| 245 | 1 | 2 |
_aالعدالة الاجتماعية / _cعبدالرحمن نصير |
| 260 |
_aالقاهرة : _bدار القلم، _c1962. |
||
| 300 |
_a142 ص. ؛ _c16 سم. |
||
| 490 | 0 |
_aالمكتبة الثقافية ؛ _v41. |
|
| 650 | 0 | 4 | _aالعدالة الاجتماعية |
| 650 | 0 | 4 | _aالعدالة الاجتماعية - الفضاء |
| 650 | 0 | 4 | _aالعدالة الاجتماعية - الدستور |
| 650 | 0 | 4 | _aالعدالة الاجتماعية - المذاهب ال |
| 942 |
_2ddc _cBK |
||
| 999 |
_c47077 _d47077 |
||